000 00533nam a2200181Ia 4500
003 GCL
008 140319s9999 xx 000 0 ara d
040 _aGCL /
_cGCL
082 0 4 _a370.335
_bس ا
100 1 _aشبل بدران
245 1 0 _aالتربية والنظام السياسى /
_cشبل بدران
260 _a[S.N] :
_bدار المعرفة الجامعية ،
_c1993
300 _a227 ص
490 _a
650 0 4 _aالسياسة الدولية
650 0 4 _aالسياسة والتعليم
942 _2ddc
_cBK
999 _c47812
_d47812